Desde la perspectiva del subdesarrollo (Registro nro. 18478)

Detalles MARC
001 - NÚMERO DE CONTROL
campo de control 53773
005 - FECHA Y HORA DE LA ÚLTIMA TRANSACCIÓN
campo de control 20260428111522.0
008 - DATOS DE LONGITUD FIJA--INFORMACIÓN GENERAL
campo de control de longitud fija 960313s1988 spa
020 ## - NÚMERO INTERNACIONAL ESTÁNDAR DEL LIBRO
Número Internacional Estándar del Libro 9789581700417
035 ## - NÚMERO DE CONTROL DEL SISTEMA
Número de control de sistema 53773
035 ## - NÚMERO DE CONTROL DEL SISTEMA
Número de control de sistema (OCoLC)318266096
041 ## - CÓDIGO DE LENGUA
Código de lengua del texto/banda sonora o título independiente spa
082 #4 - NÚMERO DE LA CLASIFICACIÓN DECIMAL DEWEY
Número de clasificación 301
100 10 - ENTRADA PRINCIPAL--NOMBRE DE PERSONA
Nombre de persona Rodriguez Fonnegra, Jaime
Código de función aut
Término indicativo de función/relación Autor/a
9 (RLIN) 472845
245 10 - MENCIÓN DE TÍTULO
Título Desde la perspectiva del subdesarrollo
260 ## - PUBLICACIÓN, DISTRIBUCIÓN, ETC.
Lugar de publicación, distribución, etc. Bogotá :
Nombre del editor, distribuidor, etc. Universidad Nacional de Colombia. Facultad de Derecho, Ciencias Políticas y Sociales,
Fecha de publicación, distribución, etc. 1988.
300 ## - DESCRIPCIÓN FÍSICA
Extensión 219 páginas
650 ## - PUNTO DE ACCESO ADICIONAL DE MATERIA--TÉRMINO DE MATERIA
Término de materia o nombre geográfico como elemento de entrada Juventud - America Latina
9 (RLIN) 122538
650 ## - PUNTO DE ACCESO ADICIONAL DE MATERIA--TÉRMINO DE MATERIA
Término de materia o nombre geográfico como elemento de entrada Marginalidad social - América Latina
9 (RLIN) 44206
650 ## - PUNTO DE ACCESO ADICIONAL DE MATERIA--TÉRMINO DE MATERIA
Término de materia o nombre geográfico como elemento de entrada Secularización - América Latina
9 (RLIN) 9750
650 ## - PUNTO DE ACCESO ADICIONAL DE MATERIA--TÉRMINO DE MATERIA
Término de materia o nombre geográfico como elemento de entrada Niños de la calle
9 (RLIN) 19413
650 #7 - PUNTO DE ACCESO ADICIONAL DE MATERIA--TÉRMINO DE MATERIA
Término de materia o nombre geográfico como elemento de entrada Sociología de la educación
Fuente del encabezamiento o término embne
9 (RLIN) 137011
942 ## - ELEMENTOS DE ENTRADA AGREGADA (KOHA)
Tipo de ítem Koha Libros
Existencias
Estado de retiro Estado de pérdida Estado dañado No para préstamo Código de colección Localización permanente Ubicación/localización actual Fecha de adquisición Fuente de adquisición Coste, precio normal de compra Número de inventario Total de préstamos Signatura topográfica completa Código de barras Fecha visto por última vez Número de copia Precio válido a partir de Tipo de ítem Koha
        Colección Semiactiva Planta Baja Biblioteca Carlos Gaviria Díaz, Campus Medellín Biblioteca Carlos Gaviria Díaz, Campus Medellín 22/04/1998 Otros proveedores 2000.00 C88504   301.6 R696d 61000001359518 20/04/2023 1 20/04/2023 Libros